[Event "NED-ch U14 Youth 2019"]
[Site "Assen"]
[Date "2019.04.29"]
[Round "2.13"]
[White "Catalan, Ciro"]
[Black "De Putter, Sven"]
[Result "1-0"]
[WhiteElo "1599"]
[BlackElo "1381"]
[Annotator "NA RC"]
[PlyCount "25"]
[EventDate "2019.04.28"]
[EventType "swiss"]
[EventCountry "NED"]
[SourceTitle "playchess.com"]
[Source "ChessBase"]
[SourceQuality "1"]
[TimeControl "5400+30"]

1. d4 {[%emt 0:00:00]} d5 {[%emt 0:05:05]} 2. c4 {[%emt 0:00:00]} e6 {[%emt 0:00:32]} 3. Nf3 {[%emt 0:00:00]} Nf6 {[%emt 0:00:54]} 4. g3 {[%emt 0:00:00]} Be7 {[%emt 0:01:47]} 5. Bg2 {[%emt 0:00:07]} c5 {[%emt 0:00:53]} 6. cxd5 {[%emt 0:03:17]} Nxd5 {[%emt 0:01:40]} 7. O-O {[%emt 0:01:20]} Nc6 {[%emt 0:00:21]} 8. dxc5 {[%emt 0:05:24]} Bxc5 {[%emt 0:00:51]} 9. a3 {[%emt 0:06:25]} a6 {[%emt 0:03:06]} 10. e4 {[%emt 0:07:52]} Nb6 {[%emt 0:02:23]} 11. Qc2 {[%emt 0:18:32]} Be7 {[%emt 0:01:47]} 12. Rd1 {[%emt 0:02:51]} Qc7 {[%emt 0:01:12]} 13. Bf4 {[%emt 0:01:20]} 1-0

[Event "NED-ch U14 Youth 2019"]
[Site "Assen"]
[Date "2019.04.29"]
[Round "3.1"]
[White "Boghossian, Wahe"]
[Black "Brandsma, Romayn"]
[Result "0-1"]
[WhiteElo "1820"]
[BlackElo "1958"]
[Annotator "NA RC"]
[PlyCount "44"]
[EventDate "2019.04.28"]
[EventType "swiss"]
[EventCountry "NED"]
[SourceTitle "playchess.com"]
[Source "ChessBase"]
[SourceQuality "1"]
[TimeControl "5400+30"]

{[%evp 13,40,-2,32767,32767,-57,32767,32767,-86,-54,-65,-12,32767,-7,-8,0,-245,-232,-248,-251,-241,-221,-344,-322,-391,-293,-29990,-29991,-29991,-29992]} 1. e4 {[%emt 0:00:00]} e5 {[%emt 0:00:00]} 2. Nf3 {[%emt 0:00:00]} Nc6 {[%emt 0:00:00]} 3. d4 {[%emt 0:00:45]} exd4 {[%emt 0:00:21]} 4. Bc4 {[%emt 0:00:08]} Bc5 {[%emt 0:00:04]} 5. c3 {[%emt 0:00:27]} Nf6 {[%emt 0:00:22]} 6. e5 {[%emt 0:00:59]} d5 {[%emt 0:01:29]} 7. Bb5 {[%emt 0:02:03]} Ne4 {[%emt 0:01:50]} 8. Nxd4 {[%emt 0:01:10]} O-O {[%emt 0:04:29]} 9. Bxc6 {[%emt 0:00:37]} bxc6 {[%emt 0:00:44]} 10. O-O {[%emt 0:00:22]} Ba6 {[%emt 0:03:30] C54: Giuoco Piano: 4 c3 Nf6, main lines with 5 d4 and 5 d3} (10... f6 11. b4 fxe5 12. bxc5 exd4 13. Qxd4 Qf6 {0-1 (13) Ulanov,A (2425)-Aleksandrov,A (2637) Izhevsk 2013}) 11. Re1 $1 {[%emt 0:01:14]} f6 {[%emt 0:07:24]} (11... Qh4 $5 {[%cal Rh4f2]} 12. Be3 f6 $11) 12. Be3 {[%emt 0:06:49] [#]} Nxf2 $1 $146 {[%emt 0:02:08]} ({Predecessor:} 12... fxe5 13. Ne6 Bxe3 14. fxe3 Qf6 15. Nxf8 Qf2+ 16. Kh1 Rxf8 17. Qc1 Bf1 {0-1 (17) Passeiro,L (1429)-Sismeiro,M (1686) Luso 2018}) 13. Bxf2 {[%emt 0:07:26]} fxe5 {[%emt 0:00:31]} 14. Rxe5 $2 {[%emt 0:01:07] [#]} (14. b4 $1 $11 {and White is okay.} Bb6 {[%mdl 64] Pin} 15. Nf3 Bxf2+ 16. Kxf2) 14... Rxf2 $1 {[%emt 0:01:17]} 15. Kxf2 {[%emt 0:00:39]} Qf6+ {[%emt 0:00:17] Double Attack} 16. Kg1 {[%emt 0:00:43]} Qxe5 {[%emt 0:00:38]} 17. Qd2 {[%emt 0:00:57]} Rf8 {[%emt 0:01:19]} 18. Na3 {[%emt 0:00:28]} Bd6 {[%emt 0:07:42]} 19. Nf3 $2 {[%emt 0:00:46] [#]} (19. g3 $19) 19... Rxf3 {[%emt 0:00:38]} 20. gxf3 {[%emt 0:00:22] [#]} Be2 $1 {[%emt 0:00:16]} 21. f4 {[%emt 0:01:14]} Bc5+ {[%emt 0:00:11]} 22. Kg2 {[%emt 0:01:26]} Qe4+ {[%emt 0:00:09]} 0-1

[Event "NED-ch U14 Youth 2019"]
[Site "Assen"]
[Date "2019.04.29"]
[Round "3.2"]
[White "Pham, Khoi"]
[Black "Yeh, Timo"]
[Result "1-0"]
[WhiteElo "2140"]
[BlackElo "1783"]
[Annotator "TA"]
[PlyCount "67"]
[EventDate "2019.04.28"]
[EventType "swiss"]
[EventCountry "NED"]
[SourceTitle "playchess.com"]
[Source "ChessBase"]
[SourceQuality "1"]

{[%evp 17,67,17,12,8,44,46,56,7,1,0,12,0,0,0,0,0,0,0,74,64,121,-31,-29,-34,-13,-92,-91,-91,-21,-10,49,31,479,481,464,450,627,619,606,606,29988,29989,29989,29990,29997,29992,29993,29994,29994,29995,29995,29996]} 1. d4 d5 2. c4 e6 3. Nc3 Nf6 4. cxd5 exd5 5. Bg5 Be7 6. e3 c6 7. Bd3 O-O 8. Nf3 Bg4 9. Qc2 h6 10. Bf4 {D35: Queen's Gambit Declined: Exchange Variation} a5 $146 ({Predecessor:} 10... Nbd7 11. Ne5 Nxe5 12. Bxe5 Nd7 13. Bg3 c5 14. O-O cxd4 15. exd4 Nb6 16. Qb3 a5 17. h3 a4 {1-0 (41) Kramnik,V (2780)-Zvjaginsev,V (2650) Tilburg 1998}) 11. Ne5 Nbd7 12. f3 {White is slightly better.} Be6 13. g4 c5 14. Qf2 cxd4 15. exd4 Nxe5 16. Bxe5 Nd7 17. Bg3 f5 (17... Nb8 $11) 18. Qe2 $16 Qb6 (18... Rf6 $14) 19. O-O-O $2 (19. gxf5 $16 Bf7 20. Bb5) 19... fxg4 $15 20. Rhe1 Rf6 21. fxg4 (21. f4 $1 $11 Bd6 22. f5 Bxg3 23. hxg3) 21... Rc8 $17 {Threatens to win with ...Bb4.} 22. Bc2 Bb4 (22... Ba3 $1 $17 23. Nb5 Bb4) 23. Rd3 $11 Rc4 ({Better is} 23... Bf7 $11) 24. h4 $36 {[%mdl 2048] Black must now prevent g5. White has good play.} Rxd4 $2 {[%mdl 8192]} (24... Bf7 $14) 25. Rxd4 $18 Qxd4 26. g5 Bg4 {[#]} 27. Qe8+ $1 Rf8 {[#]} 28. Qg6 $1 {[%mdl 512] Qh7+ would kill now.} Be2 29. Qh7+ {White mates.} Kf7 30. Rxe2 {[%csl Gh7][%cal Rc2g6]} Qb6 31. Nxd5 Qg1+ {[#]} 32. Be1 $1 {[%csl Gh7][%cal Rc2g6][%mdl 512]} Ne5 (32... Bxe1 33. Bg6#) 33. Rxe5 {[%csl Gh7][%cal Rc2g6]} Bd2+ 34. Kb1 {Accuracy: White = 64%, Black = 20%.} 1-0

[Event "NED-ch U14 Youth 2019"]
[Site "Assen"]
[Date "2019.04.29"]
[Round "3.3"]
[White "Kutchoukov, Daniel"]
[Black "Van der Hagen, Loek"]
[Result "0-1"]
[WhiteElo "1862"]
[BlackElo "1931"]
[Annotator "NA RC"]
[PlyCount "92"]
[EventDate "2019.04.28"]
[EventType "swiss"]
[EventCountry "NED"]
[SourceTitle "playchess.com"]
[Source "ChessBase"]
[SourceQuality "1"]
[TimeControl "5400+30"]

1. e4 {[%emt 0:00:33]} c5 {[%emt 0:00:00]} 2. Nf3 {[%emt 0:00:10]} d6 {[%emt 0:00:00]} 3. Bb5+ {[%emt 0:00:07]} Bd7 {[%emt 0:00:00]} 4. Bxd7+ {[%emt 0:00:07]} Qxd7 {[%emt 0:00:00]} 5. c4 {[%emt 0:00:10]} Nc6 {[%emt 0:00:26]} 6. O-O {[%emt 0:01:05]} Nf6 {[%emt 0:00:10]} 7. Nc3 {[%emt 0:00:04]} g6 {[%emt 0:01:03]} 8. d4 {[%emt 0:00:15]} cxd4 {[%emt 0:00:22]} 9. Nxd4 {[%emt 0:00:04]} Bg7 {[%emt 0:00:39]} 10. Nc2 {[%emt 0:13:43]} O-O {[%emt 0:00:54]} 11. f3 {[%emt 0:00:09]} Rfc8 {[%emt 0:02:08]} 12. Be3 {[%emt 0:00:18]} Qd8 {[%emt 0:10:29]} 13. Qd2 {[%emt 0:05:01]} Nd7 {[%emt 0:03:41]} 14. Nd4 {[%emt 0:05:37]} (14. Na3 $11 {remains equal.}) 14... Nxd4 {[%emt 0:04:22] Discovered Attack} 15. Bxd4 {[%emt 0:00:49]} Rxc4 {[%emt 0:02:33]} 16. Bxg7 {[%emt 0:06:02]} Kxg7 {[%emt 0:00:35]} 17. Rac1 {[%emt 0:01:18]} Qa5 {[%emt 0:11:33]} 18. Qe3 {[%emt 0:34:26]} Qb6 $17 {[%emt 0:05:56]} 19. Nd5 {[%emt 0:10:25]} Qxe3+ {[%emt 0:00:30]} 20. Nxe3 {[%emt 0:04:20]} Rc6 {[%emt 0:06:38]} 21. Nd5 {[%emt 0:04:13]} Kf8 {[%emt 0:02:06]} 22. Nb4 {[%emt 0:02:03]} Rcc8 {[%emt 0:03:12]} 23. Kf2 {[%emt 0:00:44]} Nb6 {[%emt 0:00:43]} 24. Nd5 {[%emt 0:06:46]} Nxd5 {[%emt 0:01:00]} 25. exd5 {[%emt 0:00:06]} Ke8 {[%emt 0:00:41]} 26. Ke3 {[%emt 0:00:58]} Rxc1 {[%emt 0:01:15]} 27. Rxc1 {[%emt 0:00:02]} Kd7 {[%emt 0:00:15]} 28. Rd1 {[%emt 0:00:16]} Rc8 {[%emt 0:00:20]} 29. Rd2 {[%emt 0:00:16]} e5 {[%emt 0:06:20]} 30. Re2 {[%emt 0:03:08]} f5 {[%emt 0:01:25]} 31. g3 {[%emt 0:01:10]} a5 {[%emt 0:01:34]} 32. Rd2 {[%emt 0:00:14]} Rc4 {[%emt 0:01:31]} 33. b3 {[%emt 0:01:00]} Rc5 {[%emt 0:00:38]} 34. Ke2 {[%emt 0:00:31]} Ke7 {[%emt 0:00:14]} 35. Ke3 {[%emt 0:00:25]} Kf6 {[%emt 0:00:16]} 36. Ke2 {[%emt 0:00:14]} e4 {[%emt 0:02:40]} 37. f4 {[%emt 0:00:42]} Rc3 {[%emt 0:01:38]} 38. Rd1 {[%emt 0:00:57]} g5 {[%emt 0:07:01]} 39. fxg5+ {[%emt 0:00:22]} Kxg5 {[%emt 0:00:07]} 40. Rd2 {[%emt 0:00:28]} Kf6 {[%emt 0:00:23]} 41. Rd1 {[%emt 0:00:38]} Ke5 {[%emt 0:00:17]} 42. Rd2 {[%emt 0:00:05]} Rc5 {[%emt 0:00:32]} 43. Ke3 {[%emt 0:00:35]} Rxd5 {[%emt 0:00:14]} 44. Rc2 {[%emt 0:00:05]} Rc5 {[%emt 0:00:08]} 45. Rd2 {[%emt 0:00:09]} d5 {[%emt 0:00:17]} 46. Ke2 {[%emt 0:00:08]} d4 {[%emt 0:00:19]} 0-1

[Event "NED-ch U14 Youth 2019"]
[Site "Assen"]
[Date "2019.04.29"]
[Round "3.4"]
[White "Labruyere, Roger"]
[Black "Slagboom, Leandro"]
[Result "1-0"]
[WhiteElo "1922"]
[BlackElo "1738"]
[Annotator "NA RC"]
[PlyCount "73"]
[EventDate "2019.04.28"]
[EventType "swiss"]
[EventCountry "NED"]
[SourceTitle "playchess.com"]
[Source "ChessBase"]
[SourceQuality "1"]
[TimeControl "5400+30"]

1. e4 {[%emt 0:00:00]} c5 {[%emt 0:00:00]} 2. Nf3 {[%emt 0:00:00]} d6 {[%emt 0:00:00]} 3. d4 {[%emt 0:00:00]} cxd4 {[%emt 0:00:00]} 4. Nxd4 {[%emt 0:00:00]} Nf6 {[%emt 0:00:00]} 5. Nc3 {[%emt 0:00:02]} a6 {[%emt 0:00:00]} 6. Bg5 {[%emt 0:00:04]} e6 {[%emt 0:00:00]} 7. f4 {[%emt 0:00:02]} Be7 {[%emt 0:00:01]} 8. Qf3 {[%emt 0:00:04]} Qc7 {[%emt 0:00:08]} 9. O-O-O {[%emt 0:00:07]} Nbd7 {[%emt 0:00:05]} 10. Bd3 {[%emt 0:00:36]} b5 {[%emt 0:00:10]} 11. Rhe1 {[%emt 0:01:26]} Bb7 {[%emt 0:00:11]} 12. Nd5 {[%emt 0:06:43]} exd5 {[%emt 0:00:23]} 13. exd5 {[%emt 0:00:08] [#] B99: Sicilian Najdorf: 6 Bg5 e6 7 f4 Be7 8 Qf3 Qc7 9 0-0-0 Nbd7} Kd8 {[%emt 0:07:00]} (13... Kf8 $1 $17 14. Nc6 (14. Rxe7 $2 Kxe7 15. Bf5 Kf8 $19 (15... Rae8 $19)) 14... Bd8) 14. Nf5 {[%emt 0:04:30]} ({But not} 14. Rxe7 $2) (14. Nc6+ Bxc6 15. dxc6 Nc5 16. Bf5 Ra7 17. Re2 Qb6 18. Rde1 Rc7 19. Rxe7 Qa5 20. Qd5 Ne6 21. R7xe6 fxe6 22. Rxe6 Re7 23. Qxd6+ {1-0 (23) Tukhaev,A (2517)-Mista,A (2543) Warsaw 2007}) 14... Bf8 {[%emt 0:01:50]} 15. Nd4 {[%emt 0:19:02]} Nc5 $2 {[%emt 0:05:45] [#]} (15... Qc5 $17 {stays on course.} 16. Nb3 Qc7) 16. Qe3 {[%emt 0:02:47]} ({White should play} 16. Bxf6+ $1 $16 gxf6 17. Bf5) 16... Nxd3+ $4 {[%emt 0:01:58]} (16... Be7 $11 17. Nf5 Nxd5 18. Bxe7+ Nxe7 19. Qxe7+ Qxe7 20. Rxe7 g6) 17. Rxd3 {[%emt 0:01:47]} Qd7 $2 $146 {[%emt 0:02:34]} ({Predecessor:} 17... Qe7 18. Bxf6 gxf6 19. Nc6+ Bxc6 20. dxc6 Qa7 21. Qe8+ {½-½ (41) Saur,M (2149)-Seiler,S (1615) Stuttgart 2003}) 18. Nb3 $2 {[%emt 0:04:53]} (18. Bxf6+ $18 gxf6 {[#]} 19. Nc6+ $1 {[%mdl 512]} Kc7 20. Rc3 Bxc6 21. Rxc6+ Qxc6 22. dxc6) 18... Rc8 {[%emt 0:12:27]} 19. Na5 {[%emt 0:07:36]} Ba8 {[%emt 0:02:30]} 20. Rc3 {[%emt 0:09:09]} (20. Re2 $11 {remains equal.}) 20... Rxc3 {[%emt 0:09:09]} 21. bxc3 {[%emt 0:00:42]} Bxd5 {[%emt 0:08:09] [#]} 22. Bxf6+ $1 {[%emt 0:02:47]} gxf6 {[%emt 0:02:54]} 23. Qb6+ $17 {[%emt 0:00:44]} ({White has to play} 23. Qd4 $18 Bh6 24. g3 (24. Qxd5 Bxf4+ 25. Kb2 Be5 $14) (24. Qxf6+ Kc7 $16)) 23... Qc7 {[%emt 0:03:14]} 24. Qd4 {[%emt 0:06:15]} Qxa5 {[%emt 0:12:54]} 25. Qxd5 {[%emt 0:03:00]} Qa3+ {[%emt 0:08:41]} 26. Kd2 {[%emt 0:03:56]} Kc7 {[%emt 0:08:58]} 27. Qxf7+ {[%emt 0:01:35]} Kb6 {[%emt 0:00:56]} 28. Qxf6 {[%emt 0:06:36]} Rg8 {[%emt 0:00:55]} 29. Qd8+ {[%emt 0:01:38]} Kc6 {[%emt 0:02:37]} 30. Qa8+ {[%emt 0:02:00]} Kc5 {[%emt 0:04:20]} 31. Re8 {[%emt 0:03:26]} Bh6 {[%emt 0:06:51]} 32. Rxg8 {[%emt 0:02:42]} Bxf4+ {[%emt 0:00:05]} 33. Kd3 {[%emt 0:05:02]} d5 {[%emt 0:00:04]} 34. Qc8+ {[%emt 0:01:52]} Kb6 {[%emt 0:00:10]} 35. Qd8+ {[%emt 0:01:35]} Kc5 {[%emt 0:00:25]} 36. Qe7+ {[%emt 0:01:25]} Bd6 {[%emt 0:00:03]} 37. Qa7+ {[%emt 0:00:15]} 1-0

[Event "NED-ch U14 Youth 2019"]
[Site "Assen"]
[Date "2019.04.29"]
[Round "3.5"]
[White "Bleeker, Kasper"]
[Black "De Winter, Arthur"]
[Result "1-0"]
[WhiteElo "1932"]
[BlackElo "1661"]
[Annotator "NA RC"]
[PlyCount "149"]
[EventDate "2019.04.28"]
[EventType "swiss"]
[EventCountry "NED"]
[SourceTitle "playchess.com"]
[Source "ChessBase"]
[SourceQuality "1"]
[TimeControl "5400+30"]

1. e4 {[%emt 0:03:39]} c5 {[%emt 0:00:00]} 2. Nf3 {[%emt 0:00:32]} e6 {[%emt 0:00:00]} 3. d4 {[%emt 0:00:25]} cxd4 {[%emt 0:00:00]} 4. c3 {[%emt 0:00:37]} dxc3 {[%emt 0:00:50]} 5. Nxc3 {[%emt 0:00:02]} d6 {[%emt 0:01:13]} 6. Bc4 {[%emt 0:00:26]} Nc6 {[%emt 0:00:44]} 7. O-O {[%emt 0:00:14]} Nf6 {[%emt 0:00:17]} 8. Bf4 {[%emt 0:00:46]} Be7 {[%emt 0:01:12]} 9. Qe2 {[%emt 0:02:50]} a6 {[%emt 0:01:03]} 10. Rac1 {[%emt 0:00:38]} O-O {[%emt 0:00:17]} 11. Rfd1 {[%emt 0:00:22]} Qc7 {[%emt 0:01:19]} (11... Nh5 $5 {[%cal Rh5f4]} 12. Be3 Bd7 $11) 12. Bb3 {[%emt 0:04:19]} Rd8 {[%emt 0:00:41] B21: Sicilian: 2 f4 and Morra Gambit} ({Better is} 12... Qb8) 13. Rd2 $146 {[%emt 0:06:03]} ({Better is Predecessor:} 13. Nd5 $11 exd5 14. exd5 Nxd5 15. Bxd5 Bg4 16. Qc4 Bf6 17. b4 Rac8 18. h3 Bh5 19. a4 Qb6 20. Be3 Qxb4 21. Qxb4 Nxb4 22. Bxb7 Rxc1 23. Rxc1 Bxf3 24. gxf3 {½-½ (32) Spornberger,M (2300)-Wertjanz,D (2332) Caldaro 2016}) 13... Ne5 {[%emt 0:07:58]} 14. Nxe5 {[%emt 0:07:58]} dxe5 {[%emt 0:00:09]} 15. Rxd8+ {[%emt 0:00:15]} Bxd8 {[%emt 0:01:17]} 16. Na4 {[%emt 0:01:31]} Qb8 {[%emt 0:02:27]} 17. Bg5 {[%emt 0:08:25]} Bd7 {[%emt 0:03:51]} (17... b5 $15 18. Nc5 Be7) 18. Bxf6 $1 {[%emt 0:04:11]} Bxa4 $1 {[%emt 0:04:24]} 19. Bxg7 {[%emt 0:12:51]} Kxg7 {[%emt 0:10:53]} ({But not} 19... Bxb3 20. Bh6 $16) 20. Bxa4 {[%emt 0:01:09]} b5 {[%emt 0:00:55]} 21. Bd1 {[%emt 0:02:39]} Qd6 {[%emt 0:02:57]} 22. Rc3 {[%emt 0:01:23]} Bb6 {[%emt 0:02:06]} 23. Rd3 {[%emt 0:05:52]} Qc5 $11 {[%emt 0:01:09]} 24. Qg4+ {[%emt 0:07:09]} Kf8 {[%emt 0:00:09]} 25. Qh4 {[%emt 0:01:29]} Ke8 {[%emt 0:05:31]} 26. Be2 {[%emt 0:13:41]} Rd8 {[%emt 0:03:06]} 27. Rc3 {[%emt 0:00:27]} Qd4 {[%emt 0:00:26]} 28. h3 {[%emt 0:04:50]} Qd2 {[%emt 0:03:40]} 29. Bh5 {[%emt 0:08:27]} Rd3 {[%emt 0:07:32]} 30. Rxd3 {[%emt 0:00:20]} Qxd3 {[%emt 0:00:13]} 31. Qf6 {[%emt 0:00:19]} Qd7 {[%emt 0:01:40]} 32. Qh8+ {[%emt 0:00:30]} Ke7 {[%emt 0:00:08]} 33. Qxh7 {[%emt 0:00:09]} Qd2 {[%emt 0:04:27]} 34. Qxf7+ {[%emt 0:00:13]} Kd6 {[%emt 0:00:12]} 35. Qf8+ {[%emt 0:00:16]} Kc7 {[%emt 0:00:14]} 36. Qe7+ {[%emt 0:00:48]} Kb8 {[%emt 0:00:15]} 37. Qe8+ {[%emt 0:00:10]} Kb7 {[%emt 0:00:12]} 38. Qe7+ {[%emt 0:00:01]} Kb8 {[%emt 0:00:13]} 39. Qf8+ {[%emt 0:00:33]} Kb7 {[%emt 0:00:10]} 40. Qf7+ {[%emt 0:00:05]} Kb8 {[%emt 0:00:13]} 41. Qf8+ {[%emt 0:01:40]} Kb7 {[%emt 0:00:20]} 42. Qf7+ {[%emt 0:00:23]} Kb8 {[%emt 0:00:26]} 43. Kh2 {[%emt 0:00:19]} Bxf2 {[%emt 0:00:29]} 44. Qg8+ {[%emt 0:01:02]} Kb7 {[%emt 0:00:43]} 45. Qg7+ {[%emt 0:00:10]} Ka8 {[%emt 0:00:15]} 46. Qh8+ {[%emt 0:01:11]} Kb7 {[%emt 0:00:17]} 47. Qg7+ {[%emt 0:00:07]} Kb6 {[%emt 0:00:57]} 48. Qxe5 {[%emt 0:00:55]} Qe1 {[%emt 0:00:24]} 49. Qd6+ {[%emt 0:00:12]} Kb7 {[%emt 0:00:13]} 50. Qd7+ {[%emt 0:00:08]} Kb8 {[%emt 0:00:14]} 51. Qd6+ {[%emt 0:00:15]} Kb7 {[%emt 0:00:09]} 52. Qe7+ {[%emt 0:01:36]} Kb8 {[%emt 0:00:15]} 53. Qf8+ {[%emt 0:00:00]} Kb7 {[%emt 0:00:10]} 54. Qf7+ {[%emt 0:00:01]} Kb8 {[%emt 0:00:26]} 55. Qf4+ {[%emt 0:00:17]} Kb7 {[%emt 0:00:11]} 56. h4 {[%emt 0:00:50]} Bxh4 {[%emt 0:02:13]} 57. Bf3 {[%emt 0:00:40]} Bf2 {[%emt 0:00:34]} 58. Qf7+ {[%emt 0:00:26]} Kb6 {[%emt 0:00:26]} 59. Qxe6+ {[%emt 0:00:05]} Ka5 {[%emt 0:00:08]} 60. Qf6 {[%emt 0:01:14]} b4 {[%emt 0:02:18]} 61. Qe5+ {[%emt 0:00:14]} Ka4 {[%emt 0:00:07]} 62. Qe8+ {[%emt 0:00:25]} Ka5 {[%emt 0:00:09]} 63. Qd8+ {[%emt 0:00:02]} Kb5 {[%emt 0:00:10]} 64. Qd5+ {[%emt 0:00:16]} Kb6 {[%emt 0:00:11]} 65. Qd6+ {[%emt 0:00:46]} Kb5 {[%emt 0:00:07]} 66. Qe5+ {[%emt 0:00:25]} Kb6 {[%emt 0:00:06]} 67. Qf6+ {[%emt 0:00:06]} Kb5 {[%emt 0:00:11]} 68. Qg5+ {[%emt 0:00:02]} Kb6 {[%emt 0:00:08]} 69. e5 {[%emt 0:00:53]} Qg1+ {[%emt 0:00:49]} 70. Kh3 {[%emt 0:00:02]} Qh1+ {[%emt 0:00:21]} 71. Kg4 {[%emt 0:00:03]} Qh7 {[%emt 0:00:43]} 72. Qd8+ {[%emt 0:00:39]} Ka7 {[%emt 0:00:16]} 73. Qa8+ {[%emt 0:00:54]} Kb6 {[%emt 0:00:09]} 74. Qb8+ {[%emt 0:00:07]} Ka5 {[%emt 0:00:07]} 75. Qd8+ {[%emt 0:00:11]} 1-0

[Event "NED-ch U14 Youth 2019"]
[Site "Assen"]
[Date "2019.04.29"]
[Round "3.6"]
[White "Jakhari, Ansh"]
[Black "Roebers, Eline"]
[Result "1/2-1/2"]
[WhiteElo "1630"]
[BlackElo "2077"]
[Annotator "NA RC"]
[PlyCount "50"]
[EventDate "2019.04.28"]
[EventType "swiss"]
[EventCountry "NED"]
[SourceTitle "playchess.com"]
[Source "ChessBase"]
[SourceQuality "1"]
[TimeControl "5400+30"]

1. e4 {[%emt 0:00:00]} c5 {[%emt 0:00:00]} 2. Nf3 {[%emt 0:00:00]} e6 {[%emt 0:00:00]} 3. d4 {[%emt 0:00:00]} cxd4 {[%emt 0:00:00]} 4. Nxd4 {[%emt 0:00:01]} Nc6 {[%emt 0:00:03]} 5. Nc3 {[%emt 0:00:15]} Qc7 {[%emt 0:00:09]} 6. Be3 {[%emt 0:01:44]} a6 {[%emt 0:00:11]} 7. Be2 {[%emt 0:00:10]} Nf6 {[%emt 0:00:29]} 8. O-O {[%emt 0:00:29]} Be7 {[%emt 0:00:43]} 9. a3 {[%emt 0:00:44]} O-O {[%emt 0:00:35]} (9... d6 10. Qd2 {½-½ (10) Muratovic,A (2462)-Iotov,V (2503) Sofia 2006}) 10. Qd2 {[%emt 0:01:56]} d6 {[%emt 0:03:41]} 11. Rad1 {[%emt 0:00:55] B48: Sicilian: Taimanov: 5 Nc3 Qc7 6 Be3 a6 without Be2} Nxd4 {[%emt 0:02:59]} 12. Bxd4 {[%emt 0:00:26]} e5 {[%emt 0:00:11]} 13. Be3 {[%emt 0:00:10]} Be6 $146 {[%emt 0:00:46]} ({Predecessor:} 13... Rd8 14. Bf3 Bg4 15. Qe2 Bxf3 16. Qxf3 Qc8 17. h3 Qe6 18. Rd3 Rd7 {1-0 (32) Cervinka,R-Tolar,J Plzen 1999}) 14. f4 {[%emt 0:03:25]} Rfd8 {[%emt 0:03:00]} 15. f5 {[%emt 0:01:36]} Bc4 {[%emt 0:03:27]} ({Better is} 15... Bd7 $11) 16. Bxc4 {[%emt 0:05:40]} Qxc4 {[%emt 0:00:06]} 17. Qd3 {[%emt 0:00:06]} Rac8 {[%emt 0:05:21]} 18. Bg5 {[%emt 0:04:12]} Qxd3 {[%emt 0:11:19]} 19. Rxd3 {[%emt 0:01:02]} Rc4 {[%emt 0:05:12]} 20. Rfd1 {[%emt 0:01:52]} Rc6 {[%emt 0:01:28]} 21. R1d2 $14 {[%emt 0:02:02]} Rd7 {[%emt 0:02:57]} 22. Bxf6 {[%emt 0:10:56]} Bxf6 {[%emt 0:00:08]} 23. Nd5 {[%emt 0:01:13]} Bd8 {[%emt 0:01:10]} 24. Nb4 {[%emt 0:04:27]} Rb6 {[%emt 0:00:01]} 25. Nd5 {[%emt 0:01:52]} Rc6 {[%emt 0:00:59]} 1/2-1/2

[Event "NED-ch U14 Youth 2019"]
[Site "Assen"]
[Date "2019.04.29"]
[Round "3.7"]
[White "Klaren, Duncan"]
[Black "Shadrin, Mitia"]
[Result "0-1"]
[WhiteElo "1980"]
[BlackElo "1692"]
[Annotator "NA RC"]
[PlyCount "54"]
[EventDate "2019.04.28"]
[EventType "swiss"]
[EventCountry "NED"]
[SourceTitle "playchess.com"]
[Source "ChessBase"]
[SourceQuality "1"]
[TimeControl "5400+30"]

1. e4 {[%emt 0:00:00]} c5 {[%emt 0:00:00]} 2. Nf3 {[%emt 0:00:00]} d6 {[%emt 0:00:00]} 3. d4 {[%emt 0:00:00]} cxd4 {[%emt 0:00:00]} 4. Nxd4 {[%emt 0:00:00]} Nf6 {[%emt 0:00:00]} 5. Nc3 {[%emt 0:00:04]} g6 {[%emt 0:00:00]} 6. Be2 {[%emt 0:00:05]} Bg7 {[%emt 0:00:11]} 7. O-O {[%emt 0:00:10]} O-O {[%emt 0:00:05]} 8. Re1 {[%emt 0:00:02]} Nc6 {[%emt 0:00:08]} 9. Nb3 {[%emt 0:00:06]} Be6 {[%emt 0:13:44]} 10. Bf1 {[%emt 0:00:39]} d5 {[%emt 0:06:06]} 11. Nc5 {[%emt 0:12:03]} d4 {[%emt 0:05:05] B70: Sicilian Dragon: 6 g3 and 6 Be2 (without a later Be3)} (11... Bg4 12. f3 d4 13. Nb5 a6 14. fxg4 axb5 15. g5 Nd7 16. Nxd7 Qxd7 17. Bxb5 Qc7 18. Bd3 Be5 19. h3 Bf4 20. Qg4 Bxc1 21. Rexc1 {½-½ (42) Firman,N (2526)-Shirov,A (2685) Germany 2013}) 12. Nxe6 {[%emt 0:01:03]} fxe6 {[%emt 0:00:08]} 13. Nb5 {[%emt 0:07:44]} Qb6 {[%emt 0:04:30]} ({Black should play} 13... a6 $11 14. Na3 Nd7) 14. a4 $146 {[%emt 0:02:39]} ({Predecessor:} 14. c3 dxc3 15. Be3 Qa5 16. Nxc3 Ne5 17. h3 Qb4 18. Qb3 Qxb3 19. axb3 {½-½ (53) Penalosa Pinillas,J (2207)-Diaz Herrero,A (1951) Logrono 2007}) 14... a5 {[%emt 0:05:44]} 15. c3 {[%emt 0:03:21]} Ne8 {[%emt 0:05:06]} 16. Qb3 {[%emt 0:02:43]} Nc7 {[%emt 0:15:58]} 17. Bc4 {[%emt 0:02:16]} Nxb5 {[%emt 0:01:21]} ({Wrong is} 17... dxc3 $2 18. Be3 $18) 18. Bxe6+ {[%emt 0:01:22]} Kh8 {[%emt 0:00:09]} 19. axb5 {[%emt 0:00:14]} (19. Qxb5 $14 Qa7 20. Rf1) 19... dxc3 $15 {[%emt 0:09:09]} ({And not} 19... Nd8 20. Bc4 $16) 20. Be3 {[%emt 0:00:28]} Nd4 {[%emt 0:00:31]} 21. Qd5 {[%emt 0:16:26]} cxb2 {[%emt 0:03:14]} 22. Ra4 {[%emt 0:06:59]} Rad8 {[%emt 0:05:26]} 23. Bd7 {[%emt 0:12:47]} e5 {[%emt 0:01:08]} 24. Rc4 {[%emt 0:04:15]} a4 {[%emt 0:01:14]} 25. Bxd4 {[%emt 0:01:52]} exd4 {[%emt 0:00:16]} 26. e5 {[%emt 0:04:13]} d3 {[%emt 0:00:35]} 27. Rf1 {[%emt 0:00:26]} Qxf2+ {[%emt 0:00:50]} 0-1